| 000 | 00617nam a22001577a 4500 | ||
|---|---|---|---|
| 020 | _a81-87430-43-5 | ||
| 082 |
_a030 _bRAD/H |
||
| 100 | _aRADHIKA, S | ||
| 245 | _aHINDI-HINDI-ENGLISH-MALAYALAM DICTIONARY WITH ADMINISRATIVE TERMS, PHRASES AND EXPRESSIONS | ||
| 246 |
_aHINDI-HINDI-ENGLISH-MALAYALAM DICTIONARY WITH ADMINISRATIVE TERMS, PHRASES AND EXPRESSIONS _bHINDI-HINDI-ENGLISH-MALAYALAM DICTIONARY WITH ADMINISRATIVE TERMS, PHRASES AND EXPRESSIONS |
||
| 260 |
_aTHIRUVALLA, INDIA _bMERIDIAN _c2011 |
||
| 300 | _a1184 | ||
| 520 | _aDICTIONARY | ||
| 650 | _aHINDI-HINDI-ENGLISH-MALAYALAM DICTIONARY | ||
| 942 | _cBK | ||
| 999 |
_c8549 _d8549 |
||